01352nam a2200361Ia 4500001001200000003000800012006001900020007001500039008004100054010001700095020001800112020001800130020001800148040002100166035002100187050002500208082001500233100002700248245009600275250001200371260007100383300002400454504005100478533015200529650001900681650002500700655002900725700005000754700002400804710001700828856012600845999001900971ebr10515871CaPaEBRm u cr cn|||||||||110331s2012 enka sb 001 0 eng d z 2011012030 z9781444338867 z9781444338874 z9781444345032 aCaPaEBRcCaPaEBR a(OCoLC)76873172314aGB401.5b.B86 2012eb04a551.412221 aBurbank, Douglas West.10aTectonic geomorphologyh[electronic resource] /cDouglas W. Burbank and Robert S. Anderson. a2nd ed. aChichester, West Sussex ;aHoboken, NJ :bJ. Wiley & Sons,cc2012. axiv, 454 p. :bill. aIncludes bibliographical references and index. aElectronic reproduction.bPalo Alto, Calif. :cebrary,d2011.nAvailable via World Wide Web.nAccess may be limited to ebrary affiliated libraries. 0aGeomorphology. 0aGeology, Structural. 7aElectronic books.2local1 aAnderson, Robert S.q(Robert Stewart),d1952-1 aAnderson, Robert S.2 aebrary, Inc.40uhttp://site.ebrary.com/lib/rucke/Doc?id=10515871zAn electronic book accessible through the World Wide Web; click to view c224726d224726